Generalitat de catalunya departament d'universitats, reserca i societat de la informació
I tiakina i:
| Kaituhi rangatōpū: | |
|---|---|
| Hōputu: | Pukapuka |
| Reo: | Pāniora |
| I whakaputaina: |
Tarragona
IPHES
2005
|
| Ngā marau: | |
| Ngā Tūtohu: |
Tāpirihia he Tūtohu
Kāore He Tūtohu, Me noho koe te mea tuatahi ki te tūtohu i tēnei pūkete!
|
MARC
| LEADER | 00000nam a2200000 a 4500 | ||
|---|---|---|---|
| 001 | UCI4011 | ||
| 003 | CL-VaPUC | ||
| 008 | 071214e20050000SP |||||||||||||||||spa|d | ||
| 082 | 0 | 4 | |a 304.2 |b INS |2 21 |
| 110 | 2 | |a Institut Catalá de Paleoecología Humana i evolució Social |e author |9 525618 | |
| 245 | 1 | 0 | |a Generalitat de catalunya departament d'universitats, reserca i societat de la informació |
| 300 | |a 34 p | ||
| 942 | |c BK | ||
| 945 | |d 20071214 00:00:00 |a rbrito | ||
| 260 | |a Tarragona |b IPHES |c 2005 | ||
| 650 | 0 | |a Ecología humana |9 263207 | |
| 583 | |a last modification |c 20071214 00:00:00 |k Rodrigo Vera | ||
| 999 | |c 328017 |d 328015 | ||
| 952 | |0 0 |1 0 |4 0 |6 304_200000000000000_INS_2005 |7 0 |8 A |9 411660 |a BIBHIS |b BIBHIS |d 2019-11-22 |i 4314395 |o 304.2 INS 2005 |p 4314395 |r 2025-01-20 |w 2019-11-22 |y BK |k HIS | ||
| 952 | |0 0 |1 0 |4 0 |6 304_200000000000000_INS_2005 |7 0 |8 A |9 411661 |a BIBHIS |b BIBHIS |d 2019-11-22 |i 4314409 |o 304.2 INS 2005 |p 4314409 |r 2025-01-20 |w 2019-11-22 |y BK |k HIS | ||